MARC

LEADER 00000nam0a2200000 4500
001 37884
005 20231031004517.0
035 |a (RuTPU)RU\TPU\book\38477 
090 |a 37884 
100 |a 20020204d1974 km y0rusy50 ca 
101 0 |a rus 
102 |a RU 
105 |a a z 001zy 
200 1 |a Импульсные преобразователи постоянного тока  |f Л. В. Бирзниекс 
210 |a Москва  |c Энергия  |d 1974 
215 |a 255 с.  |c ил. 
320 |a Библиогр.: с. 244-252. 
610 1 |a преобразовательная техника 
610 1 |a импульсные преобразователи 
610 1 |a электромагнитные процессы 
610 1 |a выходное напряжение 
610 1 |a торможение 
610 1 |a тиристорные прерыватели 
675 |a 621.314.5  |v 3 
700 1 |a Бирзниекс  |b Л. В.  |g Лаймонс Волдемарович 
801 1 |a RU  |b 63413507  |c 20020204  |g PSBO 
801 2 |a RU  |b 63413507  |c 20210302  |g PSBO 
942 |c BK